| 000 | 00497nam a2200157 4500 | ||
|---|---|---|---|
| 003 | LK-CoMWRAF | ||
| 005 | 20231017122241.0 | ||
| 008 | 231017b |||||||| |||| 00| 0 eng d | ||
| 040 |
_aLK-CoMWRAF _dLK-CoMWRAF _eLK-CoMWRAF |
||
| 041 | _aeng | ||
| 082 |
_a823 _bSHO |
||
| 245 |
_aShort stories : _bFor the G. C. E. Advanced level examination from 1997 |
||
| 260 |
_aColombo : _bEducational publications department _c1995 |
||
| 650 | _aShort stories--G. C. E. Advanced level examinations | ||
| 942 | _cBK | ||
| 999 |
_c3907 _d3907 |
||